Statistiques concernant Le Monde par lettre - H

Cliquez ici pour prendre le quiz!

Statistiques générales

  • Ce quiz a été pris 445 fois
  • Le résultat moyen est 10 sur 15

Statistiques - réponses

IndicesRéponses% Correct
Pays européen commençant par HHongrie
98%
AdolfHitler
96%
Ce que nous sommesHumain
90%
Prénom de la perdante aux élections américaines de 2016Hillary
89%
Enfer en anglaisHell
82%
Une fois par semaineHebdomadaire
71%
État américain commençant par HHawai
68%
Capitale asiatique commençant par HHanoï
67%
Prénom le plus populaire en Angleterre commençant par HHarry
67%
Quatrième ville la plus peuplées des États-UnisHouston
61%
Nom de la pandémie de grippe en 2009-2010H1N1
60%
Capitale européenne commençant par HHelsinki
58%
Troisième langue la plus parlée au mondeHindi
49%
Nom de famille le plus populaire au MexiqueHernandez
46%
Ville asiatique dont l'ancien nom était SaïgonHô Chi Minh-Ville
42%

Distribution des résultats

Percentile par nombre de réponses

% des personnes avec chaque résultat

Votre développement - résultats

Vous n’avez pas pris ce quiz